Runner Ups of Hells Kitchen - Statistics

General Stats
  • This quiz has been taken 47 times
  • The average score is 18 of 20
Answer Stats
Season Name % Correct
1 Ralph Pagano
100%
3 Bonnie Muirhead
97%
7 Jay Santos
97%
6 Kevin Cottle
97%
11 Mary Poehnelt
97%
8 Russell Kook
97%
17 Benjamin Knack
94%
14 T Gregoire
94%
12 Jason Zepaltas
91%
4 Louis Petrozza
91%
5 Paula DaSilva
91%
2 Virginia Dalbeck
91%
9 Will Lustberg
91%
19 Mary Lou Davis
88%
18 Mia Castro
85%
16 Heather Williams
82%
10 Justin Antiorio
82%
13 Bryant Gallagher
79%
15 Kristin Barone
73%
20 Megan Gill
70%
No matching quizzes found
Score Distribution
Percent of People with Each Score
Percentile by Number Answered
Your Score History
You have not taken this quiz